Prospectiva del sistema de información del Consejo Universitario de la Universidad de Costa Rica
Uloženo v:
| Hlavní autor: | |
|---|---|
| Médium: | Kniha |
| Vydáno: |
San José, Costa Rica
1992
|
| Témata: | |
| Tagy: |
Přidat tag
Žádné tagy, Buďte první, kdo vytvoří štítek k tomuto záznamu!
|
MARC
| LEADER | 00000nam a2200000Ia 4500 | ||
|---|---|---|---|
| 003 | 007414 | ||
| 005 | 20221231144303.0 | ||
| 008 | 140114s1992 cr a m 000 ||s d | ||
| 040 | |c cru CEDI | ||
| 090 | |a TFG 3129 | ||
| 100 | |a Ocampo Fallas, Lilliana |9 11335 | ||
| 245 | |a Prospectiva del sistema de información del Consejo Universitario de la Universidad de Costa Rica | ||
| 260 | |c 1992 |a San José, Costa Rica | ||
| 300 | |a x 138 hojas ; 28 cm. | ||
| 500 | |a Proyecto de graduacion (licenciatura en ingeniería industrial)--Universidad de Costa Rica. Facultad de Ingeniería. Escuela de Ingeniería Industrial | ||
| 650 | |x COSTA RICA. UNIVERSIDAD. CONSEJO UNIVERSITARIO |x SISTEMAS DE INFORMACION - COSTA RICA |9 11336 | ||
| 942 | |c TFG | ||
| 999 | |c 19627 |d 19627 | ||
